000 00793nam a2200253Ia 4500
003 OSt
005 20221005051536.0
006 a|||||r|||| 00| 0
007 ta
008 221004b |||||||| |||| 00| 0 eng d
020 _a9780747594000
_c2013.40
024 _a12685
037 _b40732, 25/03/2014, Segment Book Distributors
_cTextual
040 _aCRL
_cCRL
_beng
041 _2eng
_aeng
082 _aR8461,2, P9
100 _aLyons Jonathan
_9596131
245 0 _aHouse of wisdom
_b How the arabs transformed western civilization
260 _aLondon
_bBloomsbury UK
_c2012
300 _axvii, 248p.
_ccm.
650 _aPHILOSOPHY
942 _hR8461,2, P9
_cTEXL
_2cc
999 _c958970
_d958970